[Event "Ricany op"]
[Site "Ricany"]
[Date "2015.08.26"]
[Round "6"]
[White "Danhel, Lukas"]
[Black "Picek, Miroslav"]
[Result "1-0"]
[WhiteElo "1807"]
[BlackElo "1966"]
[PlyCount "41"]
[EventDate "2015.08.22"]
[EventType "swiss"]
[EventRounds "9"]
[EventCountry "CZE"]
[SourceTitle "EXT 2023"]
[Source "ChessBase"]
[SourceDate "2022.10.05"]
[SourceVersion "1"]
[SourceVersionDate "2022.10.05"]
[SourceQuality "1"]

1. e4 d6 2. d4 Nf6 3. Nc3 Nbd7 4. f4 e5 5. Nf3 Qe7 6. Bd3 c6 7. 0-0 b5 8. d5 cxd5 9. Nxd5 Nxd5 10. exd5 Qd8 11. Qe2 f6 12. fxe5 dxe5 13. Bxb5 Bc5+ 14. Be3 Qb6 15. Bxc5 Qxc5+ 16. Kh1 Rb8 17. Bxd7+ Bxd7 18. Nxe5 Qe7 19. Qh5+ g6 20. Nxg6 Qf7 21. Qe2+ 1-0

[Event "Ricany op"]
[Site "Ricany"]
[Date "2015.08.25"]
[Round "5"]
[White "Picek, Miroslav"]
[Black "Nemcova, Kamila"]
[Result "1-0"]
[WhiteElo "1966"]
[BlackElo "1731"]
[PlyCount "117"]
[EventDate "2015.08.22"]
[EventType "swiss"]
[EventRounds "9"]
[EventCountry "CZE"]
[SourceTitle "EXT 2023"]
[Source "ChessBase"]
[SourceDate "2022.10.05"]
[SourceVersion "1"]
[SourceVersionDate "2022.10.05"]
[SourceQuality "1"]

1. c4 c6 2. d4 d5 3. cxd5 cxd5 4. Nf3 Nf6 5. Nc3 Nc6 6. Bg5 h6 7. Bxf6 gxf6 8. Qb3 e6 9. e3 b6 10. Rc1 Bb7 11. Bb5 a6 12. Be2 Na5 13. Qd1 b5 14. 0-0 Rc8 15. Ne1 Rc7 16. Nd3 Qc8 17. Nb1 Bd6 18. Qe1 Nc4 19. b3 Nb6 20. Qa5 Nd7 21. b4 Rc6 22. Rxc6 Qxc6 23. Rc1 Qb6 24. Qa3 Ke7 25. Nd2 e5 26. Nc5 Rg8 27. Nf3 Bc8 28. e4 dxe4 29. Nxe4 Bb8 30. Nc5 Bb7 31. Qe3 Bd5 32. a3 Bd6 33. Nh4 Kd8 34. Nxd7 Kxd7 35. dxe5 Qxe3 36. fxe3 fxe5 37. Rd1 Ke6 38. h3 Be4 39. Bf3 Bxf3 40. Nxf3 f5 41. Rc1 Kd7 42. Kf2 Rc8 43. Rxc8 Kxc8 44. Nh4 f4 45. Nf5 Bf8 46. exf4 Kd7 47. fxe5 Ke6 48. Nh4 Bg7 49. Nf3 Bh8 50. Ke3 Kd5 51. Kd3 Bg7 52. g4 Bh8 53. h4 Bg7 54. h5 Bh8 55. Ke3 Bxe5 56. Nxe5 Kxe5 57. Kf3 Ke6 58. Ke4 Kf6 59. Kf4 1-0

[Event "Prague Golden op 9th"]
[Site "Prague"]
[Date "2013.06.27"]
[Round "6"]
[White "Kovar, Josef"]
[Black "Picek, Miroslav"]
[Result "1-0"]
[WhiteElo "2077"]
[BlackElo "1953"]
[PlyCount "125"]
[EventDate "2013.06.23"]
[EventType "swiss"]
[EventRounds "9"]
[EventCountry "CZE"]
[SourceTitle "CBM 155 Extra"]
[Source "ChessBase"]
[SourceDate "2013.08.26"]
[SourceVersion "1"]
[SourceVersionDate "2013.08.26"]
[SourceQuality "1"]

1. e4 e6 2. Qe2 c5 3. g3 Nc6 4. Bg2 g6 5. f4 Bg7 6. Nf3 Nge7 7. c3 0-0 8. d3 d5 9. 0-0 b6 10. Rd1 Qc7 11. Be3 Ba6 12. e5 Rad8 13. Bf2 Nf5 14. g4 Nfe7 15. Bh4 d4 16. c4 Bc8 17. Bf6 Nb8 18. Bxg7 Kxg7 19. Nbd2 f5 20. g5 Rh8 21. Rab1 Nbc6 22. h4 Nb4 23. a3 Nbc6 24. b4 Bd7 25. Nb3 Nb8 26. Rb2 Na6 27. Qe1 Nb8 28. Rdb1 Na6 29. Qd2 Bc8 30. bxc5 bxc5 31. Na5 Rd7 32. Ne1 Qd8 33. Bf3 h6 34. Rb5 hxg5 35. hxg5 Rc7 36. Qg2 Rh4 37. Qf2 Rh7 38. Bb7 Qh8 39. Bg2 Qd8 40. Nb7 Bxb7 41. Bxb7 Nb8 42. Bf3 Nd7 43. a4 Nc6 44. Nc2 Ndxe5 45. fxe5 Qxg5+ 46. Bg2 Nxe5 47. Nxd4 Kf6 48. Nf3 Nxf3+ 49. Qxf3 Qh4 50. Qe3 Qh2+ 51. Kf1 Rh4 52. R1b2 Rf4+ 53. Ke1 Rg4 54. Qxe6+ Kxe6 55. Bd5+ Ke5 56. Rxh2 Kd4 57. Kd2 Re7 58. Bf3 Rf4 59. Be2 g5 60. Rb8 Rd7 61. Re8 g4 62. Rh5 Rf2 63. Rxf5 1-0